| 000 | 00548nam a22001577a 4500 | ||
|---|---|---|---|
| 999 |
_c534689 _d534689 |
||
| 020 | _qHard Cover. | ||
| 082 | _a621.3678 | ||
| 100 | _aHafeez, Sara | ||
| 245 |
_a3D Rooftop Photovotaic Potential Calculation using GIS Techniques; case study of F-11 sector Islamabad / _cSara Hafeez. |
||
| 260 |
_aIslamabad : _bIGIS - NUST, _c2014. |
||
| 300 |
_axi, 56 p. ill. ; _c30cm. |
||
| 942 |
_2ddc _cTHE |
||
| 650 |
_aRemote Sensing and GIS - MS Thesis. _916703 |
||
| 700 |
_aDr. Salman Atif. _916650 |
||